000 00630nam a2200229Ia 4500
003 OSt
005 20221007081151.0
006 a|||||r|||| 00| 0
007 ta
008 221006b |||||||| |||| 00| 0 eng d
024 _a15,424
037 _cTextual
040 _aFLL
_cFLL
_beng
041 _2eng
_aeng
082 _aX425:4:Z73:3, K6
100 _aPowers C.F. Au.
_9696590
245 0 _aPractical guide to bills of lading
260 _aNew York
_bOceana Publications, Inc. USA
_c1966
300 _a283p
_ccm.
942 _hX425:4:Z73:3, K6
_cTEXL
_2CC
999 _c1162273
_d1162273